<?xml version="1.0" encoding="UTF-8"?>
<record
    xmlns:xsi="http://www.w3.org/2001/XMLSchema-instance"
    xsi:schemaLocation="http://www.loc.gov/MARC21/slim http://www.loc.gov/standards/marcxml/schema/MARC21slim.xsd"
    xmlns="http://www.loc.gov/MARC21/slim">

  <leader>00763nam a22001577a 4500</leader>
  <controlfield tag="003">OSt</controlfield>
  <controlfield tag="005">20160208160827.0</controlfield>
  <controlfield tag="008">160208b        xxu||||| |||| 00| 0 eng d</controlfield>
  <datafield tag="040" ind1=" " ind2=" ">
    <subfield code="c">RUA</subfield>
  </datafield>
  <datafield tag="082" ind1=" " ind2=" ">
    <subfield code="a">MGR EM 2004 B376 Or.1</subfield>
  </datafield>
  <datafield tag="100" ind1=" " ind2=" ">
    <subfield code="9">6985</subfield>
    <subfield code="a">EM VICHETH; &#x17AF;&#x1798; &#x179C;&#x17B7;&#x1785;&#x17B7;&#x178F;&#x17D2;&#x179A;</subfield>
  </datafield>
  <datafield tag="245" ind1=" " ind2=" ">
    <subfield code="a">Study on the impacts of participation in chup pring water user community in kampong ro district, svay rieng province, &#x179F;&#x17B7;&#x1780;&#x17D2;&#x179F;&#x17B6;&#x1796;&#x17B8;&#x17A5;&#x1791;&#x17D2;&#x1792;&#x17B7;&#x1796;&#x179B;&#x1793;&#x17C3;&#x1780;&#x17B6;&#x179A;&#x1785;&#x17BC;&#x179B;&#x179A;&#x17BD;&#x1798;&#x179A;&#x1794;&#x179F;&#x17CB;&#x179F;&#x17A0;&#x1782;&#x1798;&#x1793;&#x17CD;&#x1794;&#x17D2;&#x179A;&#x17BE;&#x1794;&#x17D2;&#x179A;&#x17B6;&#x179F;&#x17CB;&#x1791;&#x17B9;&#x1780;&#x1787;&#x1794;&#x17CB;&#x1796;&#x17D2;&#x179A;&#x17B8;&#x1784; &#x179F;&#x17D2;&#x179A;&#x17BB;&#x1780;&#x1780;&#x17C6;&#x1796;&#x1784;&#x17CB;&#x179A;&#x17C4;&#x1791;&#x17CD; &#x1781;&#x17C1;&#x178F;&#x17D2;&#x178F;&#x179F;&#x17D2;&#x179C;&#x17B6;&#x1799;&#x179A;&#x17C0;&#x1784;</subfield>
  </datafield>
  <datafield tag="260" ind1=" " ind2=" ">
    <subfield code="a">Phnom Penh </subfield>
    <subfield code="b">RUA</subfield>
    <subfield code="c">2004</subfield>
  </datafield>
  <datafield tag="300" ind1=" " ind2=" ">
    <subfield code="a">xi ;74p.</subfield>
    <subfield code="b">ill.</subfield>
    <subfield code="c">29cm.</subfield>
  </datafield>
  <datafield tag="942" ind1=" " ind2=" ">
    <subfield code="2">ddc</subfield>
    <subfield code="c">NRM</subfield>
  </datafield>
  <datafield tag="999" ind1=" " ind2=" ">
    <subfield code="c">6572</subfield>
    <subfield code="d">6572</subfield>
  </datafield>
  <datafield tag="952" ind1=" " ind2=" ">
    <subfield code="0">0</subfield>
    <subfield code="1">0</subfield>
    <subfield code="2">ddc</subfield>
    <subfield code="4">0</subfield>
    <subfield code="6">MGR_EM_2004_000000000000000_B376_OR_1</subfield>
    <subfield code="7">0</subfield>
    <subfield code="9">37472</subfield>
    <subfield code="a">LBB</subfield>
    <subfield code="b">LBB</subfield>
    <subfield code="c">B376</subfield>
    <subfield code="d">2016-02-08</subfield>
    <subfield code="o">MGR EM 2004 B376 Or.1</subfield>
    <subfield code="p">RUA053528</subfield>
    <subfield code="r">2016-02-08</subfield>
    <subfield code="w">2016-02-08</subfield>
    <subfield code="y">NRM</subfield>
  </datafield>
  <datafield tag="952" ind1=" " ind2=" ">
    <subfield code="0">0</subfield>
    <subfield code="1">0</subfield>
    <subfield code="2">ddc</subfield>
    <subfield code="4">0</subfield>
    <subfield code="6">MGR_EM_2004_000000000000000_B376_OR_2</subfield>
    <subfield code="7">0</subfield>
    <subfield code="9">37473</subfield>
    <subfield code="a">LBB</subfield>
    <subfield code="b">LBB</subfield>
    <subfield code="c">B376</subfield>
    <subfield code="d">2016-02-08</subfield>
    <subfield code="l">2</subfield>
    <subfield code="o">MGR EM 2004 B376 Or.2</subfield>
    <subfield code="p">RUA053493</subfield>
    <subfield code="r">2019-02-11</subfield>
    <subfield code="s">2019-02-01</subfield>
    <subfield code="w">2016-02-08</subfield>
    <subfield code="y">NRM</subfield>
  </datafield>
  <datafield tag="952" ind1=" " ind2=" ">
    <subfield code="0">0</subfield>
    <subfield code="1">0</subfield>
    <subfield code="2">ddc</subfield>
    <subfield code="4">0</subfield>
    <subfield code="6">MGR_EM_2004_000000000000000_B376_OR_3</subfield>
    <subfield code="7">0</subfield>
    <subfield code="9">37474</subfield>
    <subfield code="a">LBB</subfield>
    <subfield code="b">LBB</subfield>
    <subfield code="c">B376</subfield>
    <subfield code="d">2016-02-08</subfield>
    <subfield code="o">MGR EM 2004 B376 Or.3</subfield>
    <subfield code="p">RUA055245</subfield>
    <subfield code="r">2016-02-08</subfield>
    <subfield code="w">2016-02-08</subfield>
    <subfield code="y">NRM</subfield>
  </datafield>
  <datafield tag="952" ind1=" " ind2=" ">
    <subfield code="0">0</subfield>
    <subfield code="1">0</subfield>
    <subfield code="2">ddc</subfield>
    <subfield code="4">0</subfield>
    <subfield code="6">MGR_EM_2004_000000000000000_B376_OR_4</subfield>
    <subfield code="7">0</subfield>
    <subfield code="9">37475</subfield>
    <subfield code="a">LBB</subfield>
    <subfield code="b">LBB</subfield>
    <subfield code="c">B376</subfield>
    <subfield code="d">2016-02-08</subfield>
    <subfield code="o">MGR EM 2004 B376 Or.4</subfield>
    <subfield code="p">RUA053784</subfield>
    <subfield code="r">2016-02-08</subfield>
    <subfield code="w">2016-02-08</subfield>
    <subfield code="y">NRM</subfield>
  </datafield>
  <datafield tag="952" ind1=" " ind2=" ">
    <subfield code="0">0</subfield>
    <subfield code="1">0</subfield>
    <subfield code="2">ddc</subfield>
    <subfield code="4">0</subfield>
    <subfield code="6">MGR_EM_2004_000000000000000_B376_OR_5</subfield>
    <subfield code="7">0</subfield>
    <subfield code="9">37476</subfield>
    <subfield code="a">LBB</subfield>
    <subfield code="b">LBB</subfield>
    <subfield code="c">B376</subfield>
    <subfield code="d">2016-02-08</subfield>
    <subfield code="l">1</subfield>
    <subfield code="o">MGR EM 2004 B376 Or.5</subfield>
    <subfield code="p">RUA051103</subfield>
    <subfield code="r">2018-04-24</subfield>
    <subfield code="s">2018-03-28</subfield>
    <subfield code="w">2016-02-08</subfield>
    <subfield code="y">NRM</subfield>
  </datafield>
  <datafield tag="952" ind1=" " ind2=" ">
    <subfield code="0">0</subfield>
    <subfield code="1">0</subfield>
    <subfield code="2">ddc</subfield>
    <subfield code="4">0</subfield>
    <subfield code="6">MGR_EM_2004_000000000000000_B376_OR_6</subfield>
    <subfield code="7">0</subfield>
    <subfield code="9">37477</subfield>
    <subfield code="a">LBB</subfield>
    <subfield code="b">LBB</subfield>
    <subfield code="c">B376</subfield>
    <subfield code="d">2016-02-08</subfield>
    <subfield code="l">1</subfield>
    <subfield code="o">MGR EM 2004 B376 Or.6</subfield>
    <subfield code="p">RUA052191</subfield>
    <subfield code="r">2018-04-06</subfield>
    <subfield code="s">2018-03-30</subfield>
    <subfield code="w">2016-02-08</subfield>
    <subfield code="y">NRM</subfield>
  </datafield>
  <datafield tag="952" ind1=" " ind2=" ">
    <subfield code="0">0</subfield>
    <subfield code="1">0</subfield>
    <subfield code="2">ddc</subfield>
    <subfield code="4">0</subfield>
    <subfield code="6">MGR_EM_2004_000000000000000_B376_OR_7</subfield>
    <subfield code="7">0</subfield>
    <subfield code="9">37478</subfield>
    <subfield code="a">LBB</subfield>
    <subfield code="b">LBB</subfield>
    <subfield code="c">B376</subfield>
    <subfield code="d">2016-02-08</subfield>
    <subfield code="l">1</subfield>
    <subfield code="o">MGR EM 2004 B376 Or.7</subfield>
    <subfield code="p">RUA051409</subfield>
    <subfield code="r">2018-05-28</subfield>
    <subfield code="s">2018-05-16</subfield>
    <subfield code="w">2016-02-08</subfield>
    <subfield code="y">NRM</subfield>
  </datafield>
  <datafield tag="952" ind1=" " ind2=" ">
    <subfield code="0">0</subfield>
    <subfield code="1">0</subfield>
    <subfield code="2">ddc</subfield>
    <subfield code="4">0</subfield>
    <subfield code="6">MGR_EM_2004_000000000000000_B376_OR_8</subfield>
    <subfield code="7">0</subfield>
    <subfield code="9">37479</subfield>
    <subfield code="a">LBB</subfield>
    <subfield code="b">LBB</subfield>
    <subfield code="c">B376</subfield>
    <subfield code="d">2016-02-08</subfield>
    <subfield code="o">MGR EM 2004 B376 Or.8</subfield>
    <subfield code="p">RUA052068</subfield>
    <subfield code="r">2016-02-08</subfield>
    <subfield code="w">2016-02-08</subfield>
    <subfield code="y">NRM</subfield>
  </datafield>
</record>
